000 00469nam a2200181Ia 4500
005 20250317131102.0
008 008 250317s9999 xx 000 0 eng d
037 _aTextbook
040 _aFMSL
_beng
_cFMSL
041 _aeng
_2eng
084 _qFMSL
100 _aAskwith L
_9738567
245 0 _aIndustrial problems and disputes
260 _aHarvester
_bHarvester, Press
_c1974
300 _a504p
942 _cTB
999 _c1266609
_d1266609